00675nam a22002177a 450000500170000001000130001702000230003003500130005303700160006604000120008208200130009410000270010724500850013426000420021927000560026130000240031750000510034165000250039265000130041770000270043020170124105944.0 aA-681432 c250.00a8185133808 aA-681432 bCen Lib/Ret aDPLbEN a250bCOP aCopleston, Reginald S. aTheravada buddhism /cby Reginald S. Copleston; edited by Harcharan Singh Sobti bEastern Book Linkers a Delhic1993 a 5825, New Chandrawal, Jawahar NagarbDelhie110007 axxiv,206p.c22m(Hb) aIncludes bibliographical references and index. aTheravāda Buddhism aBuddhism aSobti, Harcharan Singh